000 00930nam a22003017a 4500
003 CHAP
005 20220329140105.0
008 971013s1972 r 00010 d
010 _a46838
011 _a47810
035 _a51953
040 _cCHAP
082 _a519.2
_bV3
100 0 0 _aVajda, Steven.
_9117218
245 _aProbabilistic programming
260 _aNew York :
_bAcademic Press,
_c1972
300 _a127 p.
490 _aProbability and mathematical statistics
590 _aBATCH-UPD
_b10
_c20130110
_lUCH01
_h0153
590 _aBATCH-UPD
_b10
_c20130110
_lUCH01
_h1629
590 _aCONVERSION
_b10
_c20130109
_lUCH01
_h1326
650 1 4 _aProbabilidades.
_991687
830 0 _aProbability and mathematical statistics
_991689
901 _aBK
942 _cLIBRO
949 _a519.2 V3
_bBC
_cLIBRO
_d33724000437091
_eLIBRO
_h1174
_i51953
_si
949 _a519.2 V3
_bBC
_cLIBRO
_d33724000437109
_eLIBRO
_h1175
_i51953
_si
999 _c46838
_d46838